000 00475nam a2200193Ia 4500
003 OSt
005 20230603124345.0
008 210423s1985 xx 000 0 und d
040 _cAL
041 _aeng
082 _a305.235
_223
_bSRIC
245 _aCatch them young
260 _aNew Delhi
_bVishwa Yuvaka Kendra
_c1985
365 _cINR
650 _aSocial Groups
_9119362
650 _aSocial Sciences
_9119363
906 _aCatch ; them ; young
942 _2ddc
_cBK
999 _c174863
_d174863